000
00321nam a22001217a 4500
008
260424b |||||||| |||| 00| 0 eng d
082
_a
001295
100
_a
Kannan, Nidhesh B
245
_a
The Kamashastra History Life and Culture
260
_a
Delhi
_b
New Bharatiya Book Corporation
_c
2020
300
_a
206p
942
_2
ddc
999
_c
1320
_d
1320